Tìm hiểu những quan điểm giáo dục thiếu nhi qua tác phẩm Không gia đình của Hectô Malô

Những quan điểm giáo dục thiếu nhi qua tác phẩm Không gia đình của Hectô Malô. Đề xuất một vài biện pháp giáo dục tri thức và nhân cách cho học sinh Tiểu học.

Guardat en:
Dades bibliogràfiques
Autor principal: Trương Thị Cẩm Châu
Altres autors: Bùi Thị Thanh Th.S (Hướng dẫn)
Format: Llibre
Idioma:Vietnamese
Publicat: Đà Nẵng Đại học Sư phạm, Đại học Đà Nẵng 2012
Matèries:
Etiquetes: Afegir etiqueta
Sense etiquetes, Sigues el primer a etiquetar aquest registre!
Thư viện lưu trữ: Mạng thư viện Đại học Đà Nẵng
LEADER 01578nam a2200325 4500
001 000016823
003 13232
005 20130104100112.0
008 121227s2012 viesd
041 0 |a vie 
082 |a 372.64  |b TR-C 
100 1 |a Trương Thị Cẩm Châu 
245 0 |a Tìm hiểu những quan điểm giáo dục thiếu nhi qua tác phẩm Không gia đình của Hectô Malô  |c Trương Thị Cẩm Châu 
260 |a Đà Nẵng  |b Đại học Sư phạm, Đại học Đà Nẵng  |c 2012 
300 |a 87 tr., phụ lục 8 tr.  |c 29 cm.  |e Đĩa CD, tài liệu tóm tắt 
500 |a Khóa luận tốt nghiệp đại học. Chuyên ngành: Sư phạm Tiểu học 
504 |a Mục lục đầu trang, tài liệu tham khảo tr. 73 - 74, phụ lục [13 tr.] 
520 |a Những quan điểm giáo dục thiếu nhi qua tác phẩm Không gia đình của Hectô Malô. Đề xuất một vài biện pháp giáo dục tri thức và nhân cách cho học sinh Tiểu học. 
653 |a Khoa Tiểu học Mầm Non 
700 |a Bùi Thị Thanh  |c Th.S  |e Hướng dẫn 
OWN |a LSP 
AVA |a UDN50  |b LSP  |d 372.64 TR-C  |e available  |t Error 5001 Not defined in file expand_doc_bib_avail.  |f 1  |g 0  |h N  |i 0  |k 1 
999 |a From the UDN01 
AVA |a UDN50  |b LSP  |d 372.64 TR-C  |e available  |t Error 5001 Not defined in file expand_doc_bib_avail.  |f 1  |g 0  |h N  |i 0  |k 1 
TYP |a Monograph 
TYP |a Printed language 
980 |a Mạng thư viện Đại học Đà Nẵng